| 000 | 01049cam a2200277 i 4500 | ||
|---|---|---|---|
| 005 | 20160123090131.0 | ||
| 008 | 020115s2000 ck a r 000 0 spa d | ||
| 015 | _aSSN | ||
| 020 | _a9589693075 | ||
| 040 |
_aCO-BoPUJ _cCO-BoIAVH _dCO-BoIAVH |
||
| 041 | 1 |
_aspa _heng |
|
| 043 | _ae-sp--- | ||
| 082 | 0 | 4 |
_a508 _bN67r |
| 100 | 1 | _aNieto Olarte, Mauricio | |
| 245 | 1 | 0 |
_aRemedios para el imperio _bhistoria natural y la apropiación del nuevo mundo / _cMauricio Nieto Olarte ; traducción Tomas Martín. |
| 260 |
_aBogotá : _bInstituto Colombiano de Antropología e Historia, _c2000. |
||
| 300 | _a280 páginas | ||
| 650 | 1 | 4 | _aHistoria natural |
| 650 | 2 | 4 |
_aExpediciones científicas _xHistoria _ySiglo XVIII |
| 650 | 2 | 4 |
_aIlustración _zEspaña |
| 650 | 2 | 4 |
_aBotánica _xEstudio y enseñanza _ySiglo XVIII |
| 650 | 2 | 4 |
_aBotánica médica _xHistoria _ySiglo XVIII |
| 700 | 1 |
_aMartín, Tomas _etraductor |
|
| 710 | 2 | _aInstituto Colombiano de Antropología e Historia | |
| 942 |
_2ddc _cLIBRO |
||
| 999 |
_c2351 _d2351 |
||